[Event "Blitz 2018"]
[Site "Saint-Petersburg"]
[Date "2018.12.29"]
[Round "4"]
[Board "62"]
[White "Potkin Vladimir (RUS)"]
[Black "Khismatullin Denis (RUS)"]
[Result "1-0"]
[LiveChessVersion "1.4.8"]
[BlackElo "2674"]
[WhiteElo "2494"]

1. d4 {[%clk 0:03:03]} Nf6 {[%clk 0:03:03]} 2. c4 {[%clk 0:03:03]} e6
{[%clk 0:03:04]} 3. Nf3 {[%clk 0:03:04]} a6 {[%clk 0:03:05]} 4. Bg5
{[%clk 0:03:01]} d5 {[%clk 0:02:43]} 5. e3 {[%clk 0:02:58]} Nbd7 {[%clk 0:02:40]}
6. Nc3 {[%clk 0:02:58]} Be7 {[%clk 0:02:35]} 7. Qc2 {[%clk 0:02:58]} h6
{[%clk 0:02:34]} 8. Bh4 {[%clk 0:02:57]} O-O {[%clk 0:02:27]} 9. cxd5
{[%clk 0:02:49]} exd5 {[%clk 0:01:51]} 10. Bd3 {[%clk 0:02:50]} c6
{[%clk 0:01:47]} 11. h3 {[%clk 0:02:38]} Re8 {[%clk 0:01:33]} 12. Bg3
{[%clk 0:02:14]} b5 {[%clk 0:01:03]} 13. O-O {[%clk 0:02:13]} Bb7
{[%clk 0:01:04]} 14. Rad1 {[%clk 0:02:07]} Rc8 {[%clk 0:00:58]} 15. a3
{[%clk 0:01:48]} c5 {[%clk 0:00:39]} 16. dxc5 {[%clk 0:01:46]} Rxc5
{[%clk 0:00:40]} 17. Qe2 {[%clk 0:01:28]} Qb6 {[%clk 0:00:37]} 18. Ne5
{[%clk 0:01:22]} Nf8 {[%clk 0:00:28]} 19. Bf5 {[%clk 0:01:20]} Ne4
{[%clk 0:00:10]} 20. Nxe4 {[%clk 0:00:38]} dxe4 {[%clk 0:00:10]} 21. Nd7
{[%clk 0:00:33]} Nxd7 {[%clk 0:00:09]} 22. Bxd7 {[%clk 0:00:34]} Rd8
{[%clk 0:00:09]} 23. Rd2 {[%clk 0:00:32]} Bd5 {[%clk 0:00:08]} 24. Qg4
{[%clk 0:00:26]} h5 {[%clk 0:00:08]} 25. Qd1 {[%clk 0:00:08]} Rxd7
{[%clk 0:00:04]} 26. b4 {[%clk 0:00:10]} Rc3 {[%clk 0:00:04]} 27. Rxd5
{[%clk 0:00:11]} Rxd5 {[%clk 0:00:05]} 28. Qxd5 {[%clk 0:00:12]} Rxa3
{[%clk 0:00:04]} 29. Qxe4 {[%clk 0:00:12]} Qe6 {[%clk 0:00:05]} 30. Qa8+
{[%clk 0:00:11]} Kh7 {[%clk 0:00:06]} 31. Rd1 {[%clk 0:00:06]} h4
{[%clk 0:00:07]} 32. Bf4 {[%clk 0:00:07]} g5 {[%clk 0:00:07]} 33. Bc7
{[%clk 0:00:05]} Bxb4 {[%clk 0:00:06]} 34. Rd8 {[%clk 0:00:04]} Bc3
{[%clk 0:00:04]} 35. Qf3 {[%clk 0:00:03]} Ra1+ {[%clk 0:00:05]} 36. Kh2
{[%clk 0:00:04]} Be5+ {[%clk 0:00:05]} 37. g3 {[%clk 0:00:04]} hxg3+
{[%clk 0:00:05]} 38. Kg2 {[%clk 0:00:05]} Bxc7 {[%clk 0:00:03]} 39. Qh5+
{[%clk 0:00:06]} Kg7 {[%clk 0:00:04]} 40. Qh8+ {[%clk 0:00:07]} Kg6
{[%clk 0:00:05]} 41. Rg8+ {[%clk 0:00:07]} Kf5 {[%clk 0:00:06]} 42. Qh7+
{[%clk 0:00:07]} Ke5 {[%clk 0:00:06]} 43. Rxg5+ {[%clk 0:00:07]} Kd6
{[%clk 0:00:06]} 44. Qd3+ {[%clk 0:00:07]} Ke7 {[%clk 0:00:06]} 45. Qc3
{[%clk 0:00:06]} Bd6 {[%clk 0:00:03]} 46. Qxa1 {[%clk 0:00:06]} Qe4+
{[%clk 0:00:03]} 47. Kg1 {[%clk 0:00:04]} Qg2+ {[%clk 0:00:00]} 48. Qf1
{[%clk 0:00:04]} Qf3 1-0

[Event "Blitz 2018"]
[Site "Saint-Petersburg"]
[Date "2018.12.29"]
[Round "4"]
[Board "63"]
[White "Esipenko Andrey (RUS)"]
[Black "Sokolin Leonid (USA)"]
[Result "1-0"]
[LiveChessVersion "1.4.8"]
[BlackElo "2508"]
[WhiteElo "2673"]

1. d4 {[%clk 0:02:57]} Nf6 {[%clk 0:03:03]} 2. Nf3 {[%clk 0:02:57]} e6
{[%clk 0:03:01]} 3. Bf4 {[%clk 0:02:57]} c5 {[%clk 0:03:02]} 4. e3
{[%clk 0:02:58]} Qb6 {[%clk 0:03:02]} 5. Qc1 {[%clk 0:02:59]} Nc6
{[%clk 0:03:00]} 6. c3 {[%clk 0:03:00]} d5 {[%clk 0:02:53]} 7. h3
{[%clk 0:02:56]} Be7 {[%clk 0:02:55]} 8. Nbd2 {[%clk 0:02:57]} O-O
{[%clk 0:02:55]} 9. Bd3 {[%clk 0:02:58]} h6 {[%clk 0:02:49]} 10. O-O
{[%clk 0:02:58]} Nd7 {[%clk 0:02:50]} 11. a3 {[%clk 0:02:50]} a5 {[%clk 0:02:48]}
12. a4 {[%clk 0:02:50]} Qd8 {[%clk 0:02:42]} 13. Qd1 {[%clk 0:02:45]} b6
{[%clk 0:02:40]} 14. Qe2 {[%clk 0:02:46]} Bb7 {[%clk 0:02:39]} 15. Rad1
{[%clk 0:02:43]} f5 {[%clk 0:02:36]} 16. Bb5 {[%clk 0:02:40]} Na7
{[%clk 0:02:29]} 17. Ne5 {[%clk 0:02:41]} Nxe5 {[%clk 0:02:24]} 18. Bxe5
{[%clk 0:02:41]} Nxb5 {[%clk 0:02:24]} 19. axb5 {[%clk 0:02:43]} c4
{[%clk 0:02:20]} 20. Qf3 {[%clk 0:02:24]} Qd7 {[%clk 0:02:15]} 21. Qg3
{[%clk 0:02:25]} Bf6 {[%clk 0:02:16]} 22. Nf3 {[%clk 0:02:22]} Qxb5
{[%clk 0:02:16]} 23. Rd2 {[%clk 0:02:08]} a4 {[%clk 0:02:13]} 24. Bxf6
{[%clk 0:02:07]} Rxf6 {[%clk 0:02:15]} 25. Qc7 {[%clk 0:02:05]} Qc6
{[%clk 0:02:14]} 26. Qe7 {[%clk 0:02:05]} Rf7 {[%clk 0:01:48]} 27. Qb4
{[%clk 0:02:04]} Rc7 {[%clk 0:01:36]} 28. Ne5 {[%clk 0:02:05]} Qe8
{[%clk 0:01:33]} 29. Qxb6 {[%clk 0:02:05]} Qc8 {[%clk 0:01:28]} 30. Ra1
{[%clk 0:02:03]} Ra6 {[%clk 0:01:28]} 31. Qb4 {[%clk 0:02:04]} Qa8
{[%clk 0:01:28]} 32. f4 {[%clk 0:01:45]} Bc8 {[%clk 0:01:27]} 33. g4
{[%clk 0:01:42]} Rb7 {[%clk 0:01:27]} 34. Qa3 {[%clk 0:01:43]} Qb8
{[%clk 0:01:17]} 35. gxf5 {[%clk 0:01:39]} exf5 {[%clk 0:01:18]} 36. Rg2
{[%clk 0:01:40]} Rab6 {[%clk 0:01:01]} 37. Qxa4 {[%clk 0:01:36]} Be6
{[%clk 0:01:02]} 38. Ra2 {[%clk 0:01:32]} Kh7 {[%clk 0:01:02]} 39. Qa3
{[%clk 0:01:06]} Rb3 {[%clk 0:01:03]} 40. Qa6 {[%clk 0:01:08]} R3b6
{[%clk 0:01:04]} 41. Qa8 {[%clk 0:00:50]} Qxa8 {[%clk 0:00:49]} 42. Rxa8
{[%clk 0:00:51]} Rxb2 {[%clk 0:00:50]} 43. Re8 {[%clk 0:00:43]} Rxg2+
{[%clk 0:00:47]} 44. Kxg2 {[%clk 0:00:44]} Bg8 {[%clk 0:00:48]} 45. h4
{[%clk 0:00:21]} g5 {[%clk 0:00:38]} 46. hxg5 {[%clk 0:00:20]} Rg7
{[%clk 0:00:36]} 47. g6+ {[%clk 0:00:21]} 1-0

[Event "Blitz 2018"]
[Site "Saint-Petersburg"]
[Date "2018.12.29"]
[Round "4"]
[Board "64"]
[White "Sanal Vahap (TUR)"]
[Black "Piorun Kacper (POL)"]
[Result "1-0"]
[LiveChessVersion "1.4.8"]
[BlackElo "2646"]
[WhiteElo "2488"]

1. e4 {[%clk 0:03:03]} c6 {[%clk 0:03:04]} 2. d4 {[%clk 0:03:03]} d5
{[%clk 0:03:05]} 3. Nc3 {[%clk 0:03:04]} g6 {[%clk 0:03:05]} 4. Nf3
{[%clk 0:03:04]} Bg7 {[%clk 0:03:05]} 5. h3 {[%clk 0:03:05]} Nh6 {[%clk 0:03:06]}
6. Bd3 {[%clk 0:03:04]} O-O {[%clk 0:03:05]} 7. O-O {[%clk 0:03:03]} f6
{[%clk 0:03:06]} 8. Re1 {[%clk 0:03:04]} Nf7 {[%clk 0:03:07]} 9. Bf1
{[%clk 0:03:04]} b6 {[%clk 0:03:02]} 10. a4 {[%clk 0:03:05]} a6 {[%clk 0:02:42]}
11. b3 {[%clk 0:03:06]} Bb7 {[%clk 0:02:32]} 12. Ba3 {[%clk 0:03:06]} Re8
{[%clk 0:02:31]} 13. Qd2 {[%clk 0:02:55]} e5 {[%clk 0:02:25]} 14. exd5
{[%clk 0:02:39]} cxd5 {[%clk 0:02:25]} 15. dxe5 {[%clk 0:02:40]} fxe5
{[%clk 0:02:25]} 16. Rad1 {[%clk 0:02:39]} d4 {[%clk 0:02:16]} 17. Ne4
{[%clk 0:02:28]} Bd5 {[%clk 0:01:57]} 18. c4 {[%clk 0:02:07]} Bc6
{[%clk 0:01:51]} 19. Nfg5 {[%clk 0:01:59]} Nxg5 {[%clk 0:01:48]} 20. Nxg5
{[%clk 0:01:59]} Bh6 {[%clk 0:01:28]} 21. h4 {[%clk 0:02:00]} Nd7
{[%clk 0:01:25]} 22. f4 {[%clk 0:01:58]} Bg7 {[%clk 0:01:07]} 23. c5
{[%clk 0:01:56]} b5 {[%clk 0:01:08]} 24. b4 {[%clk 0:01:57]} Nf8 {[%clk 0:00:53]}
25. Bb2 {[%clk 0:01:48]} h6 {[%clk 0:00:47]} 26. Nh3 {[%clk 0:01:38]} Qxh4
{[%clk 0:00:45]} 27. fxe5 {[%clk 0:00:54]} Rxe5 {[%clk 0:00:46]} 28. Rxe5
{[%clk 0:00:42]} Bxe5 {[%clk 0:00:47]} 29. axb5 {[%clk 0:00:41]} axb5
{[%clk 0:00:49]} 30. Bxd4 {[%clk 0:00:38]} Rd8 {[%clk 0:00:47]} 31. Qa2+
{[%clk 0:00:39]} Bd5 {[%clk 0:00:48]} 32. Qf2 {[%clk 0:00:38]} Bg3
{[%clk 0:00:33]} 33. Qf6 {[%clk 0:00:33]} Qxf6 {[%clk 0:00:08]} 34. Bxf6
{[%clk 0:00:34]} Rd7 {[%clk 0:00:10]} 35. Bxb5 {[%clk 0:00:34]} Rb7
{[%clk 0:00:12]} 36. Ba6 {[%clk 0:00:31]} Ra7 {[%clk 0:00:07]} 37. b5
{[%clk 0:00:29]} Bc4 {[%clk 0:00:08]} 38. Rd4 {[%clk 0:00:25]} Be2
{[%clk 0:00:04]} 39. Nf4 {[%clk 0:00:24]} Bg4 {[%clk 0:00:03]} 40. Nxg6
{[%clk 0:00:19]} Be6 {[%clk 0:00:04]} 41. Nxf8 {[%clk 0:00:17]} Kxf8
{[%clk 0:00:05]} 42. Re4 {[%clk 0:00:13]} Bc8 {[%clk 0:00:03]} 43. Ra4
{[%clk 0:00:05]} Rd7 {[%clk 0:00:03]} 44. Kf1 {[%clk 0:00:04]} Bxa6 45. bxa6
{[%clk 0:00:05]} Rf7 {[%clk 0:00:04]} 46. a7 {[%clk 0:00:05]} Rxf6+
{[%clk 0:00:05]} 47. Ke2 {[%clk 0:00:07]} 1-0

[Event "Blitz 2018"]
[Site "Saint-Petersburg"]
[Date "2018.12.29"]
[Round "4"]
[Board "65"]
[White "Rakhmanov Aleksandr (RUS)"]
[Black "Dzhumagaliev Yan (RUS)"]
[Result "1/2-1/2"]
[LiveChessVersion "1.4.8"]
[BlackElo "2489"]
[WhiteElo "2615"]

1. c4 {[%clk 0:03:03]} e6 {[%clk 0:03:03]} 2. e4 {[%clk 0:03:03]} c5
{[%clk 0:03:04]} 3. Nc3 {[%clk 0:03:02]} b6 {[%clk 0:03:03]} 4. Nge2
{[%clk 0:02:57]} Bb7 {[%clk 0:03:04]} 5. g3 {[%clk 0:02:58]} d6 {[%clk 0:03:04]}
6. Bg2 {[%clk 0:02:58]} Nd7 {[%clk 0:03:04]} 7. d4 {[%clk 0:02:58]} cxd4
{[%clk 0:03:05]} 8. Nxd4 {[%clk 0:02:59]} a6 {[%clk 0:03:06]} 9. O-O
{[%clk 0:02:56]} Qc7 {[%clk 0:03:07]} 10. Be3 {[%clk 0:02:54]} Be7
{[%clk 0:03:06]} 11. Rc1 {[%clk 0:02:55]} Ngf6 {[%clk 0:02:50]} 12. Nd5
{[%clk 0:02:56]} exd5 {[%clk 0:02:47]} 13. cxd5 {[%clk 0:02:56]} Nc5
{[%clk 0:02:42]} 14. b4 {[%clk 0:02:57]} O-O {[%clk 0:02:41]} 15. Nf5
{[%clk 0:02:34]} Rfe8 {[%clk 0:02:38]} 16. Bd4 {[%clk 0:02:19]} Bd8
{[%clk 0:02:32]} 17. bxc5 {[%clk 0:02:13]} bxc5 {[%clk 0:02:33]} 18. e5
{[%clk 0:01:46]} dxe5 {[%clk 0:02:24]} 19. Bxc5 {[%clk 0:01:43]} Qa5
{[%clk 0:02:06]} 20. Nd6 {[%clk 0:01:42]} Re7 {[%clk 0:02:07]} 21. Nxb7
{[%clk 0:01:43]} Rxb7 {[%clk 0:02:08]} 22. d6 {[%clk 0:01:44]} e4
{[%clk 0:02:10]} 23. Bd4 {[%clk 0:01:31]} Rd7 {[%clk 0:01:58]} 24. Rc6
{[%clk 0:01:31]} Qd5 {[%clk 0:01:51]} 25. Qa4 {[%clk 0:01:06]} Rxd6
{[%clk 0:01:44]} 26. Rxd6 {[%clk 0:00:49]} Qxd6 {[%clk 0:01:45]} 27. Rd1
{[%clk 0:00:50]} Qe6 {[%clk 0:01:38]} 28. Bf1 {[%clk 0:00:30]} Be7
{[%clk 0:01:18]} 29. Bc4 {[%clk 0:00:31]} Qf5 {[%clk 0:01:18]} 30. Qb3
{[%clk 0:00:25]} Ng4 {[%clk 0:01:13]} 31. h3 {[%clk 0:00:26]} Nh6
{[%clk 0:01:13]} 32. Be3 {[%clk 0:00:25]} Qxh3 {[%clk 0:01:08]} 33. Bf1
{[%clk 0:00:15]} Qh5 {[%clk 0:00:51]} 34. Rd5 {[%clk 0:00:14]} Qg6
{[%clk 0:00:49]} 35. Qb7 {[%clk 0:00:13]} Re8 {[%clk 0:00:43]} 36. Bxa6
{[%clk 0:00:13]} Nf5 {[%clk 0:00:20]} 37. Re5 {[%clk 0:00:14]} Nxe3
{[%clk 0:00:15]} 38. Rxe7 {[%clk 0:00:14]} Rf8 {[%clk 0:00:15]} 39. Qxe4
{[%clk 0:00:12]} Qxa6 {[%clk 0:00:13]} 40. Qxe3 {[%clk 0:00:13]} Qxa2
{[%clk 0:00:13]} 41. Re8 {[%clk 0:00:12]} Qb1+ {[%clk 0:00:15]} 42. Kh2
{[%clk 0:00:11]} Qb4 {[%clk 0:00:16]} 43. Re4 {[%clk 0:00:10]} Qd6
{[%clk 0:00:17]} 44. Rd4 {[%clk 0:00:12]} Qf6 {[%clk 0:00:15]} 45. Rf4
{[%clk 0:00:12]} Qh6+ {[%clk 0:00:15]} 46. Kg2 {[%clk 0:00:13]} Qc6+
{[%clk 0:00:16]} 47. Kh2 {[%clk 0:00:14]} h6 {[%clk 0:00:15]} 48. Qf3
{[%clk 0:00:15]} Qxf3 {[%clk 0:00:16]} 49. Rxf3 {[%clk 0:00:16]} Re8
{[%clk 0:00:17]} 50. Rd3 {[%clk 0:00:17]} Re6 {[%clk 0:00:19]} 51. Kg2
{[%clk 0:00:18]} g6 {[%clk 0:00:19]} 52. Rd5 {[%clk 0:00:19]} Kg7 53. Rd4 h5
{[%clk 0:00:22]} 54. Rd5 {[%clk 0:00:22]} Kf6 {[%clk 0:00:23]} 55. Rd4
{[%clk 0:00:24]} Re5 56. Rd6+ Ke7 {[%clk 0:00:26]} 57. Rd4 Ke6 58. Rc4
{[%clk 0:00:28]} Rd5 59. Rb4 Kf5 {[%clk 0:00:29]} 60. Rb7 {[%clk 0:00:31]} f6
{[%clk 0:00:30]} 61. Rb4 {[%clk 0:00:33]} g5 {[%clk 0:00:31]} 62. Rc4
{[%clk 0:00:34]} Re5 {[%clk 0:00:31]} 63. Rc8 {[%clk 0:00:35]} Re4
{[%clk 0:00:28]} 64. Rh8 {[%clk 0:00:36]} h4 {[%clk 0:00:28]} 65. Rh6
{[%clk 0:00:32]} hxg3 {[%clk 0:00:27]} 66. Kxg3 {[%clk 0:00:28]} Rg4+
{[%clk 0:00:28]} 67. Kf3 {[%clk 0:00:30]} Ra4 {[%clk 0:00:29]} 68. Kg3
{[%clk 0:00:30]} Ra3+ {[%clk 0:00:29]} 69. f3 {[%clk 0:00:31]} Rb3
{[%clk 0:00:14]} 70. Rh8 {[%clk 0:00:30]} Kg6 {[%clk 0:00:15]} 71. Rg8+
{[%clk 0:00:31]} Kf7 {[%clk 0:00:17]} 72. Ra8 {[%clk 0:00:32]} Kg7
{[%clk 0:00:17]} 73. Rc8 {[%clk 0:00:33]} Kg6 {[%clk 0:00:18]} 74. Rg8+
{[%clk 0:00:34]} Kf5 {[%clk 0:00:19]} 75. Rc8 {[%clk 0:00:35]} Ra3
{[%clk 0:00:20]} 76. Rb8 {[%clk 0:00:36]} Ra5 {[%clk 0:00:20]} 77. Rc8
{[%clk 0:00:37]} Ra1 {[%clk 0:00:19]} 78. Rb8 {[%clk 0:00:38]} Rg1+ 79. Kf2 Rc1
{[%clk 0:00:19]} 80. Kg3 {[%clk 0:00:41]} Rc3 {[%clk 0:00:19]} 81. Ra8
{[%clk 0:00:42]} Kg6 {[%clk 0:00:19]} 82. Rg8+ {[%clk 0:00:43]} Kf7
{[%clk 0:00:20]} 83. Ra8 {[%clk 0:00:44]} f5 {[%clk 0:00:20]} 84. Kg2
{[%clk 0:00:36]} Kf6 {[%clk 0:00:19]} 85. Re8 {[%clk 0:00:33]} Rc6
{[%clk 0:00:17]} 86. Kg3 {[%clk 0:00:33]} Rc3 {[%clk 0:00:17]} 87. Rf8+
{[%clk 0:00:33]} Ke6 {[%clk 0:00:18]} 88. Kg2 {[%clk 0:00:28]} Ke5
{[%clk 0:00:19]} 89. Ra8 {[%clk 0:00:21]} Rd3 {[%clk 0:00:19]} 90. Ra4
{[%clk 0:00:20]} Rd4 {[%clk 0:00:19]} 91. Ra2 {[%clk 0:00:19]} Kf4
{[%clk 0:00:20]} 92. Rb2 {[%clk 0:00:20]} Ra4 {[%clk 0:00:21]} 93. Rc2
{[%clk 0:00:21]} Rd4 {[%clk 0:00:19]} 94. Ra2 {[%clk 0:00:23]} Rc4
{[%clk 0:00:15]} 95. Kf2 {[%clk 0:00:22]} Rd4 {[%clk 0:00:11]} 96. Rb2
{[%clk 0:00:24]} Ra4 {[%clk 0:00:11]} 97. Rc2 {[%clk 0:00:25]} g4
{[%clk 0:00:08]} 98. fxg4 {[%clk 0:00:26]} Kxg4 {[%clk 0:00:08]} 99. Rc3
{[%clk 0:00:26]} f4 {[%clk 0:00:08]} 100. Kg2 {[%clk 0:00:27]} Ra2+
{[%clk 0:00:09]} 101. Kf1 {[%clk 0:00:28]} 1/2-1/2

[Event "Blitz 2018"]
[Site "Saint-Petersburg"]
[Date "2018.12.29"]
[Round "4"]
[Board "66"]
[White "Eliseev Alexei (RUS)"]
[Black "Motylev Alexander (RUS)"]
[Result "0-1"]
[LiveChessVersion "1.4.8"]
[BlackElo "2609"]
[WhiteElo "2486"]

1. d4 {[%clk 0:02:52]} d5 {[%clk 0:03:02]} 2. c4 {[%clk 0:02:53]} c6
{[%clk 0:03:03]} 3. Nf3 {[%clk 0:02:53]} Nf6 {[%clk 0:03:04]} 4. e3
{[%clk 0:02:55]} Bg4 {[%clk 0:03:05]} 5. h3 {[%clk 0:02:56]} Bf5 {[%clk 0:03:06]}
6. Bd3 {[%clk 0:02:56]} Bg6 {[%clk 0:03:05]} 7. O-O {[%clk 0:02:55]} e6
{[%clk 0:03:05]} 8. Nc3 {[%clk 0:02:55]} Nbd7 {[%clk 0:03:06]} 9. a3
{[%clk 0:02:50]} Bd6 {[%clk 0:02:57]} 10. b4 {[%clk 0:02:42]} e5 {[%clk 0:02:18]}
11. dxe5 {[%clk 0:02:29]} Nxe5 {[%clk 0:02:16]} 12. Bxg6 {[%clk 0:02:30]} hxg6
{[%clk 0:02:12]} 13. cxd5 {[%clk 0:02:30]} cxd5 {[%clk 0:01:28]} 14. Nb5
{[%clk 0:02:15]} Nxf3+ {[%clk 0:01:28]} 15. Qxf3 {[%clk 0:02:16]} Be5
{[%clk 0:01:30]} 16. Nd4 {[%clk 0:01:54]} Ne4 {[%clk 0:01:27]} 17. Rd1
{[%clk 0:01:48]} a5 {[%clk 0:00:45]} 18. Bb2 {[%clk 0:01:45]} O-O
{[%clk 0:00:40]} 19. b5 {[%clk 0:01:40]} Qe7 {[%clk 0:00:37]} 20. a4
{[%clk 0:01:38]} Rfc8 {[%clk 0:00:35]} 21. Ba3 {[%clk 0:01:08]} Qe8
{[%clk 0:00:29]} 22. Rac1 {[%clk 0:00:52]} Rc4 {[%clk 0:00:24]} 23. Rxc4
{[%clk 0:00:37]} dxc4 {[%clk 0:00:25]} 24. Ne2 {[%clk 0:00:39]} c3
{[%clk 0:00:21]} 25. g3 {[%clk 0:00:36]} Bf6 {[%clk 0:00:17]} 26. Nf4
{[%clk 0:00:28]} Nd2 {[%clk 0:00:13]} 27. Qe2 {[%clk 0:00:29]} Qe4
{[%clk 0:00:12]} 28. Bc1 {[%clk 0:00:15]} Nf3+ {[%clk 0:00:13]} 29. Kh1
{[%clk 0:00:16]} Nd4+ {[%clk 0:00:14]} 30. f3 {[%clk 0:00:16]} Nxe2
{[%clk 0:00:13]} 31. fxe4 {[%clk 0:00:17]} Nxg3+ {[%clk 0:00:11]} 32. Kg2
{[%clk 0:00:19]} Nxe4 {[%clk 0:00:12]} 33. Nd5 {[%clk 0:00:20]} Rc8
{[%clk 0:00:11]} 34. Nb6 {[%clk 0:00:20]} Rc7 {[%clk 0:00:07]} 35. Kf3
{[%clk 0:00:20]} Nc5 {[%clk 0:00:07]} 36. Rd5 {[%clk 0:00:17]} Nb3
{[%clk 0:00:08]} 37. Rd1 {[%clk 0:00:17]} c2 {[%clk 0:00:09]} 38. Rf1
{[%clk 0:00:18]} Nxc1 {[%clk 0:00:10]} 39. Nd5 {[%clk 0:00:18]} Rc4
{[%clk 0:00:08]} 40. Nxf6+ {[%clk 0:00:17]} gxf6 41. Rxc1 f5 {[%clk 0:00:07]} 42.
Ke2 {[%clk 0:00:19]} Rxa4 {[%clk 0:00:07]} 43. Rxc2 {[%clk 0:00:21]} Rb4
{[%clk 0:00:09]} 0-1

[Event "Blitz 2018"]
[Site "Saint-Petersburg"]
[Date "2018.12.29"]
[Round "4"]
[Board "67"]
[White "Tari Aryan (NOR)"]
[Black "Vastrukhin Oleg (RUS)"]
[Result "1-0"]
[LiveChessVersion "1.4.8"]
[BlackElo "2488"]
[WhiteElo "2608"]

1. e4 {[%clk 0:03:03]} g6 {[%clk 0:03:04]} 2. d4 {[%clk 0:03:04]} Bg7
{[%clk 0:03:05]} 3. Nc3 {[%clk 0:03:04]} c6 {[%clk 0:03:06]} 4. Nf3
{[%clk 0:03:02]} d5 {[%clk 0:03:07]} 5. h3 {[%clk 0:03:04]} Nf6 {[%clk 0:03:07]}
6. Bd3 {[%clk 0:02:59]} dxe4 {[%clk 0:03:07]} 7. Nxe4 {[%clk 0:03:00]} Nxe4
{[%clk 0:03:08]} 8. Bxe4 {[%clk 0:03:01]} Bf5 {[%clk 0:03:09]} 9. Bxf5
{[%clk 0:02:47]} Qa5+ {[%clk 0:03:10]} 10. c3 {[%clk 0:02:36]} Qxf5
{[%clk 0:03:10]} 11. Qb3 {[%clk 0:02:33]} b6 {[%clk 0:03:01]} 12. O-O
{[%clk 0:02:30]} Qd5 {[%clk 0:02:47]} 13. c4 {[%clk 0:02:25]} Qd6
{[%clk 0:02:41]} 14. c5 {[%clk 0:02:06]} Qd5 {[%clk 0:02:38]} 15. cxb6
{[%clk 0:02:07]} axb6 {[%clk 0:02:38]} 16. Qxb6 {[%clk 0:02:08]} O-O
{[%clk 0:02:35]} 17. Qb4 {[%clk 0:02:01]} e6 {[%clk 0:02:15]} 18. Bf4
{[%clk 0:01:57]} Na6 {[%clk 0:02:04]} 19. Qb6 {[%clk 0:01:13]} c5
{[%clk 0:01:25]} 20. Rfd1 {[%clk 0:01:05]} cxd4 {[%clk 0:01:11]} 21. Nxd4
{[%clk 0:01:06]} Qc5 {[%clk 0:01:02]} 22. Qxc5 {[%clk 0:00:59]} Nxc5
{[%clk 0:01:03]} 23. Be3 {[%clk 0:00:25]} Na4 {[%clk 0:00:47]} 24. Rd2
{[%clk 0:00:20]} Rfb8 {[%clk 0:00:42]} 25. b3 {[%clk 0:00:21]} Nc3
{[%clk 0:00:31]} 26. Rc1 {[%clk 0:00:13]} Nxa2 {[%clk 0:00:29]} 27. Rc4
{[%clk 0:00:10]} Nb4 {[%clk 0:00:21]} 28. Nf3 {[%clk 0:00:06]} Nd5 29. Rd3 Rc8
{[%clk 0:00:18]} 30. Kh2 {[%clk 0:00:07]} h6 {[%clk 0:00:19]} 31. g4
{[%clk 0:00:07]} g5 {[%clk 0:00:18]} 32. Nd4 {[%clk 0:00:07]} Be5+
{[%clk 0:00:15]} 33. Kg2 {[%clk 0:00:08]} Bxd4 {[%clk 0:00:15]} 34. Rcxd4
{[%clk 0:00:07]} Rab8 {[%clk 0:00:14]} 35. Bd2 {[%clk 0:00:09]} Rb5
{[%clk 0:00:14]} 36. b4 {[%clk 0:00:09]} Rcb8 {[%clk 0:00:14]} 37. Rb3
{[%clk 0:00:10]} R8b7 {[%clk 0:00:14]} 38. h4 {[%clk 0:00:10]} f6
{[%clk 0:00:14]} 39. Rc4 {[%clk 0:00:10]} Kf7 {[%clk 0:00:14]} 40. Kg3
{[%clk 0:00:12]} Rc7 {[%clk 0:00:13]} 41. Rxc7+ {[%clk 0:00:10]} Nxc7
{[%clk 0:00:14]} 42. f4 {[%clk 0:00:12]} gxh4+ {[%clk 0:00:12]} 43. Kxh4
{[%clk 0:00:13]} Kg6 {[%clk 0:00:12]} 44. Ra3 {[%clk 0:00:11]} Nd5
{[%clk 0:00:11]} 45. Ra5 {[%clk 0:00:12]} Rb6 {[%clk 0:00:11]} 46. f5+
{[%clk 0:00:09]} Kf7 {[%clk 0:00:10]} 47. b5 {[%clk 0:00:08]} exf5
{[%clk 0:00:09]} 48. gxf5 {[%clk 0:00:09]} Rb7 {[%clk 0:00:06]} 49. Bxh6
{[%clk 0:00:09]} Nc7 {[%clk 0:00:06]} 50. b6 {[%clk 0:00:10]} Ne8
{[%clk 0:00:06]} 51. Ra7 {[%clk 0:00:11]} Nd6 {[%clk 0:00:07]} 52. Bf4
{[%clk 0:00:12]} 1-0

[Event "Blitz 2018"]
[Site "Saint-Petersburg"]
[Date "2018.12.29"]
[Round "4"]
[Board "68"]
[White "Predke Alexandr (RUS)"]
[Black "Mchedlishvili Mikheil (GEO)"]
[Result "1-0"]
[LiveChessVersion "1.4.8"]
[BlackElo "2607"]
[WhiteElo "2482"]

1. e4 {[%clk 0:03:03]} c5 {[%clk 0:03:02]} 2. Nc3 {[%clk 0:03:04]} e6
{[%clk 0:03:02]} 3. Nge2 {[%clk 0:03:00]} Nc6 {[%clk 0:03:00]} 4. g3
{[%clk 0:03:00]} d6 {[%clk 0:02:55]} 5. Bg2 {[%clk 0:03:00]} Nf6 {[%clk 0:02:51]}
6. O-O {[%clk 0:02:59]} a6 {[%clk 0:02:46]} 7. d3 {[%clk 0:02:54]} Be7
{[%clk 0:02:46]} 8. f4 {[%clk 0:02:54]} O-O {[%clk 0:02:43]} 9. h3
{[%clk 0:02:53]} Nd7 {[%clk 0:02:41]} 10. a4 {[%clk 0:02:48]} Rb8
{[%clk 0:02:41]} 11. g4 {[%clk 0:02:41]} b5 {[%clk 0:02:40]} 12. axb5
{[%clk 0:02:41]} axb5 {[%clk 0:02:40]} 13. Ng3 {[%clk 0:02:41]} b4
{[%clk 0:02:32]} 14. Nce2 {[%clk 0:02:42]} Bb7 {[%clk 0:02:21]} 15. g5
{[%clk 0:02:41]} Re8 {[%clk 0:01:54]} 16. h4 {[%clk 0:02:40]} Bf8
{[%clk 0:01:56]} 17. f5 {[%clk 0:02:35]} exf5 {[%clk 0:01:33]} 18. exf5
{[%clk 0:02:29]} Nde5 {[%clk 0:01:30]} 19. Nf4 {[%clk 0:02:22]} Nd4
{[%clk 0:01:25]} 20. Nd5 {[%clk 0:01:39]} Ra8 {[%clk 0:01:07]} 21. Rb1
{[%clk 0:01:37]} Ra7 {[%clk 0:00:58]} 22. c3 {[%clk 0:01:36]} Nb5
{[%clk 0:00:50]} 23. d4 {[%clk 0:01:12]} Nd7 {[%clk 0:00:41]} 24. f6
{[%clk 0:01:01]} g6 {[%clk 0:00:42]} 25. h5 {[%clk 0:00:44]} Nb6 {[%clk 0:00:42]}
26. hxg6 {[%clk 0:00:27]} hxg6 {[%clk 0:00:43]} 27. Nf4 {[%clk 0:00:10]} bxc3
{[%clk 0:00:37]} 28. Qb3 {[%clk 0:00:07]} Nxd4 {[%clk 0:00:34]} 29. Qxc3
{[%clk 0:00:08]} Bxg2 {[%clk 0:00:31]} 30. Kxg2 {[%clk 0:00:08]} Qa8+
{[%clk 0:00:32]} 31. Kg1 {[%clk 0:00:07]} Nd5 {[%clk 0:00:33]} 32. Nxd5
{[%clk 0:00:06]} Qxd5 {[%clk 0:00:34]} 33. Bf4 {[%clk 0:00:05]} Ra4
{[%clk 0:00:26]} 34. Rbd1 {[%clk 0:00:05]} Qb7 {[%clk 0:00:13]} 35. Bc1
{[%clk 0:00:06]} Ne2+ {[%clk 0:00:11]} 36. Nxe2 {[%clk 0:00:07]} Rxe2
{[%clk 0:00:13]} 37. Qg3 {[%clk 0:00:06]} Rh4 {[%clk 0:00:12]} 38. Rf3
{[%clk 0:00:07]} Rhh2 {[%clk 0:00:08]} 39. Rdf1 {[%clk 0:00:07]} Qe4
{[%clk 0:00:04]} 40. Qxh2 {[%clk 0:00:08]} Rxh2 41. Kxh2 {[%clk 0:00:09]} d5
{[%clk 0:00:07]} 42. Bf4 {[%clk 0:00:08]} d4 {[%clk 0:00:07]} 43. Kg2
{[%clk 0:00:06]} c4 {[%clk 0:00:09]} 44. Ra1 {[%clk 0:00:04]} d3 {[%clk 0:00:07]}
45. Ra5 {[%clk 0:00:05]} d2 {[%clk 0:00:06]} 46. Bxd2 {[%clk 0:00:05]} Qg4+
{[%clk 0:00:00]} 47. Kf2 {[%clk 0:00:05]} Qd4+ {[%clk 0:00:00]} 48. Ke2
{[%clk 0:00:05]} 1-0